[Event "DRUGA LIGA CENTRALNE SRBIJE 2011 - ZAPAD"]
[Site "?"]
[Date "2011.10.13"]
[Round "6.1"]
[White "Radojcic, Slobodan"]
[Black "Aleksic, Milan"]
[Result "0-1"]
[WhiteElo "2270"]
[BlackElo "2232"]
[PlyCount "53"]
[EventDate "2011.09.11"]

1. d4 Nf6 2. c4 g6 3. Nc3 Bg7 4. e4 d6 5. h3 O-O 6. Be3 e5 7. d5 Na6 8. Bd3 Nh5
9. g3 Nc5 10. Bc2 a5 11. Nf3 b6 12. Nd2 Qe8 13. Nb5 Na6 14. Nf1 f5 15. Bd2 Qf7
16. Qe2 Bd7 17. Nc3 Nc5 18. Be3 f4 19. Bxc5 fxg3 20. fxg3 bxc5 21. Bd1 Bh6 22.
Qg2 a4 23. Bg4 Nf6 24. Bxd7 Nxd7 25. Nh2 Nb6 26. Rf1 Qd7 27. Ng4 0-1

[Event "DRUGA LIGA CENTRALNE SRBIJE 2011 - ZAPAD"]
[Site "?"]
[Date "2011.10.13"]
[Round "6.1"]
[White "Markovic, Sasa"]
[Black "Dolovic, Dusko"]
[Result "0-1"]
[WhiteElo "2164"]
[BlackElo "2185"]
[PlyCount "46"]
[EventDate "2011.09.11"]

1. b3 e5 2. Bb2 Nc6 3. c4 d6 4. e3 Nge7 5. Nc3 Be6 6. Nf3 Qd7 7. Be2 Ng6 8. O-O
Be7 9. a3 O-O 10. d4 exd4 11. Nxd4 Bf6 12. Ne4 Be7 13. f4 f5 14. Ng3 Nxd4 15.
exd4 d5 16. Nh5 c6 17. Rc1 Rac8 18. Rc3 Bd6 19. Rg3 Rf7 20. Bd3 Qe7 21. c5 Bc7
22. Bc1 Kh8 23. Re1 Qd7 0-1

[Event "DRUGA LIGA CENTRALNE SRBIJE 2011 - ZAPAD"]
[Site "?"]
[Date "2011.10.13"]
[Round "6.1"]
[White "Milosevic, Zoran"]
[Black "Jovanovic, Miroslav O"]
[Result "1-0"]
[WhiteElo "2280"]
[BlackElo "2093"]
[PlyCount "82"]
[EventDate "2011.09.11"]

1. d4 Nf6 2. Nf3 e6 3. c4 b6 4. g3 Bb4+ 5. Bd2 Be7 6. Nc3 Bb7 7. Qc2 c5 8. dxc5
Bxc5 9. Bg2 O-O 10. O-O Qc8 11. a3 Be7 12. b4 d6 13. Qb3 Nbd7 14. Rac1 a6 15.
Rfd1 Rd8 16. Bf4 Qc7 17. Na4 Nh5 18. Be3 Rac8 19. h3 Nhf6 20. Kh2 Ba8 21. Bf4
Qb8 22. Nc3 Ne4 23. Nxe4 Bxe4 24. Qa4 Bb7 25. Ne1 g5 26. Bxb7 Qxb7 27. Bxd6 b5
28. Qb3 bxc4 29. Qe3 Nb8 30. Bxe7 Qxe7 31. Rxd8+ Qxd8 32. Nf3 h6 33. h4 gxh4
34. Nxh4 Qf6 35. Nf3 Kg7 36. Ne5 Nc6 37. Ng4 Qg5 38. Rxc4 Qxe3 39. Nxe3 Ne7 40.
Kg2 Ra8 41. Rc7 Ng6 1-0

[Event "DRUGA LIGA CENTRALNE SRBIJE 2011 - ZAPAD"]
[Site "?"]
[Date "2011.10.13"]
[Round "6.1"]
[White "Markovic, Miroslav R"]
[Black "Pecinar, Zoran"]
[Result "0-1"]
[WhiteElo "2113"]
[BlackElo "2150"]
[PlyCount "82"]
[EventDate "2011.09.11"]

1. d4 Nf6 2. c4 g6 3. Nc3 Bg7 4. e4 d6 5. f3 O-O 6. Be3 Nc6 7. Qd2 a6 8. g4 e5
9. d5 Nd4 10. h4 c5 11. h5 Qe7 12. O-O-O b5 13. cxb5 axb5 14. Bxb5 Rxa2 15.
Bxd4 Ra1+ 16. Kc2 Rxd1 17. Nxd1 exd4 18. Qf4 Nd7 19. g5 Ne5 20. Nf2 c4 21. hxg6
hxg6 22. Qh4 Rd8 23. f4 Qb7 24. Ba4 Qb4 25. fxe5 Qxa4+ 26. Kd2 Bxe5 27. Nf3 Bg7
28. e5 dxe5 29. Ne4 c3+ 30. bxc3 Qa2+ 31. Ke1 Ba6 32. Rh2 Qb1+ 33. Kf2 dxc3 34.
Nf6+ Kf8 35. Qh7 Qb6+ 36. Kg3 Bxf6 37. gxf6 Qxf6 38. Ra2 e4 39. Nh2 Rxd5 40.
Qh6+ Kg8 41. Qe3 Qg5+ 0-1

[Event "DRUGA LIGA CENTRALNE SRBIJE 2011 - ZAPAD"]
[Site "?"]
[Date "2011.10.13"]
[Round "6.2"]
[White "Vuckovic, Lidija"]
[Black "Peric, Slavisa"]
[Result "0-1"]
[WhiteElo "1752"]
[BlackElo "2205"]
[PlyCount "65"]
[EventDate "2011.09.11"]

1. d4 d5 2. Nf3 Nf6 3. Bf4 e6 4. e3 Bd6 5. Bxd6 Qxd6 6. Nbd2 c5 7. c3 Nc6 8.
Bd3 O-O 9. O-O e5 10. dxe5 Nxe5 11. Nxe5 Qxe5 12. Qf3 Bg4 13. Qg3 Qxg3 14. hxg3
Rfd8 15. Nf3 Rd6 16. Rac1 Rad8 17. Ne5 Bh5 18. Rfe1 Re8 19. Nf3 Ne4 20. Be2 Bg4
21. Rcd1 Red8 22. Nd2 Be6 23. Nf3 Rb6 24. Rb1 g5 25. Red1 Rbd6 26. Kf1 h6 27.
Rbc1 Kg7 28. Nd2 f5 29. Ke1 Nf6 30. Nb3 b6 31. Nd2 g4 32. b3 Bd7 33. Nb1 0-1

[Event "DRUGA LIGA CENTRALNE SRBIJE 2011 - ZAPAD"]
[Site "?"]
[Date "2011.10.13"]
[Round "6.6"]
[White "Brajovic, Miroljub"]
[Black "Avramovic, Zoran"]
[Result "0-1"]
[WhiteElo "2159"]
[BlackElo "2236"]
[PlyCount "120"]
[EventDate "2011.09.11"]

1. e4 e5 2. d4 Nc6 3. dxe5 Nxe5 4. f4 Nc6 5. Nf3 Bc5 6. Bc4 d6 7. Qe2 Bg4 8.
Be3 Bxf3 9. Qxf3 Nd4 10. Bxd4 Bxd4 11. Nc3 Bxc3+ 12. Qxc3 Qf6 13. Qxf6 Nxf6 14.
Bd3 O-O 15. O-O Nd7 16. Rae1 Rfe8 17. Re2 Re7 18. Rfe1 Kf8 19. Kf2 a6 20. g4 h6
21. h4 Rae8 22. h5 Nc5 23. Kf3 a5 24. Rg1 g5 25. hxg6 fxg6 26. Rh1 Rh7 27. Reh2
Kg7 28. g5 Reh8 29. Rxh6 Rxh6 30. Rxh6 Rxh6 31. gxh6+ Kxh6 32. Kg4 Kg7 33. Kg5
Ne6+ 34. Kg4 Kf6 35. c3 g5 36. f5 Nc5 37. Bc2 Nd7 38. b3 Ne5+ 39. Kg3 Nd7 40.
Kg4 c6 41. Bb1 Nc5 42. Bc2 b6 43. Kg3 Nd7 44. Kg4 Ne5+ 45. Kg3 Nf7 46. Kg4 Nh6+
47. Kh5 Nf7 48. Kg4 Ne5+ 49. Kg3 b5 50. a3 c5 51. Bb1 b4 52. axb4 axb4 53. cxb4
cxb4 54. Bc2 Nd7 55. Kg4 Ne5+ 56. Kg3 Nd7 57. Kg4 Nc5 58. Kh5 Nd7 59. Kg4 Ne5+
60. Kg3 Nc6 0-1

[Event "DRUGA LIGA CENTRALNE SRBIJE 2011 - ZAPAD"]
[Site "?"]
[Date "2011.10.13"]
[Round "6.6"]
[White "Sadikovic, Samir"]
[Black "Rancic, Zoran"]
[Result "0-1"]
[WhiteElo "2126"]
[BlackElo "2168"]
[PlyCount "156"]
[EventDate "2011.09.11"]

1. e4 c5 2. Nf3 d6 3. d4 cxd4 4. Nxd4 Nf6 5. Nc3 a6 6. Be2 e5 7. Nb3 Be6 8. Bf3
Be7 9. Be3 Nbd7 10. g4 h6 11. h4 Nb6 12. Rg1 Nfd7 13. g5 hxg5 14. Bxg5 Nf6 15.
Qd3 Qc7 16. O-O-O O-O-O 17. Nd5 Nbxd5 18. exd5 Bd7 19. Kb1 g6 20. Ka1 Bf5 21.
Qd2 Kb8 22. Qb4 Rc8 23. Na5 Ka8 24. Be3 Nd7 25. h5 Bd8 26. Nc6 gxh5 27. Nd4 Bg6
28. Ne6 Qb8 29. c4 e4 30. Bh1 Ne5 31. Nf4 Rxc4 32. Qa3 Bf6 33. Bg2 Nd3 34. Nxd3
exd3 35. Bf1 Rc2 36. Rb1 Rhc8 37. Bxd3 R8c3 38. bxc3 Rxc3 39. Qb2 Bxd3 40. Rg8
Rc8 41. Qxf6 Rxg8 42. Rb6 Rg1+ 43. Kb2 Rb1+ 44. Ka3 Rxb6 45. Bxb6 Qc8 46. Qd4
Qc1+ 47. Kb4 Bf5 48. Qh8+ Bc8 49. Be3 Qc7 50. Qd4 b5 51. Bf4 Bd7 52. Kb3 Bf5
53. Qe3 Qc5 54. Qxc5 dxc5 55. Bd6 Be4 56. Bxc5 Bxd5+ 57. Kb2 h4 58. Be7 h3 59.
Bd6 Kb7 60. a3 Kc6 61. Bb8 a5 62. Kc3 Be6 63. Kd4 b4 64. axb4 axb4 65. Kd3 Kd5
66. Bg3 b3 67. Bb8 Bf5+ 68. Kc3 Bc2 69. f3 Bd1 70. Bh2 Ke6 71. Kb2 Kf5 72. Kc3
Kg5 73. Kb2 f5 74. Kc3 f4 75. Kb2 Kf5 76. Kc3 Bxf3 77. Kxb3 Ke4 78. Kc3 Ke3 0-1

[Event "DRUGA LIGA CENTRALNE SRBIJE 2011 - ZAPAD"]
[Site "?"]
[Date "2011.10.13"]
[Round "6.3"]
[White "Bojanic, Bratislav"]
[Black "Ljubinkovic, Miodrag"]
[Result "1/2-1/2"]
[WhiteElo "2250"]
[BlackElo "2275"]
[PlyCount "36"]
[EventDate "2011.09.11"]

1. e4 c6 2. d4 d5 3. Nd2 dxe4 4. Nxe4 Nf6 5. Nxf6+ exf6 6. Bc4 Qe7+ 7. Qe2
Qxe2+ 8. Nxe2 Be6 9. Bb3 Na6 10. c3 Bd6 11. Bf4 O-O-O 12. O-O-O Rhe8 13. Bxe6+
Rxe6 14. Bxd6 Rxe2 15. Bg3 Nc7 16. Bxc7 Kxc7 17. Rd2 Ree8 18. Rhd1 Kd6 1/2-1/2

[Event "DRUGA LIGA CENTRALNE SRBIJE 2011 - ZAPAD"]
[Site "?"]
[Date "2011.10.13"]
[Round "6.3"]
[White "Radic, Obrad"]
[Black "Savic, Dragan"]
[Result "0-1"]
[WhiteElo "2117"]
[BlackElo "2174"]
[PlyCount "44"]
[EventDate "2011.09.11"]

1. e4 e6 2. d4 d5 3. e5 c5 4. c3 Nc6 5. Nf3 Qb6 6. Be2 Nh6 7. O-O cxd4 8. cxd4
Nf5 9. Nc3 Nfxd4 10. Nxd4 Qxd4 11. Bb5 Qxd1 12. Bxc6+ bxc6 13. Rxd1 Bd7 14. g3
Rb8 15. b3 Bb4 16. Ne2 O-O 17. Be3 Rb7 18. Rac1 Rc8 19. Bc5 Rb5 20. Bxb4 Rxb4
21. Rc5 Re4 22. Nd4 Rxe5 0-1

[Event "DRUGA LIGA CENTRALNE SRBIJE 2011 - ZAPAD"]
[Site "?"]
[Date "2011.10.13"]
[Round "6.4"]
[White "Marcetic, Predrag"]
[Black "Simic, Dragisa"]
[Result "1/2-1/2"]
[WhiteElo "2237"]
[BlackElo "2323"]
[PlyCount "52"]
[EventDate "2011.09.11"]

1. e4 e6 2. d4 d5 3. Nc3 Nf6 4. Bg5 Bb4 5. e5 h6 6. Bd2 Bxc3 7. bxc3 Ne4 8. Qg4
g6 9. Bd3 Nxd2 10. Kxd2 c5 11. h4 Nc6 12. Nf3 Qe7 13. Qf4 c4 14. Be2 b5 15. Qf6
Qxf6 16. exf6 Kd7 17. Ne5+ Nxe5 18. dxe5 Kc6 19. Ke3 Kc5 20. f4 Rg8 21. g4 a5
22. a3 Rb8 23. Rab1 Bd7 24. Rb2 Rb6 25. Rhb1 Rgb8 26. Bf3 R6b7 1/2-1/2

[Event "DRUGA LIGA CENTRALNE SRBIJE 2011 - ZAPAD"]
[Site "?"]
[Date "2011.10.13"]
[Round "6.4"]
[White "Adzic, Momcilo"]
[Black "Vasic, Vladimir"]
[Result "1/2-1/2"]
[WhiteElo "2263"]
[BlackElo "2209"]
[PlyCount "111"]
[EventDate "2011.09.11"]

1. e4 e5 2. Nf3 Nc6 3. Bb5 a6 4. Ba4 Nf6 5. d3 b5 6. Bb3 Be7 7. O-O O-O 8. Re1
d6 9. c3 h6 10. Nbd2 Re8 11. Nf1 Bf8 12. Ng3 g6 13. h3 Bg7 14. a4 Be6 15. Bc2
d5 16. Bd2 dxe4 17. dxe4 Nd7 18. a5 Nc5 19. Re3 Nb7 20. b4 Nd6 21. Qc1 Kh7 22.
Re1 Qf6 23. Nh2 Nc4 24. Ngf1 Nxd2 25. Qxd2 Rad8 26. Qe3 h5 27. Rad1 Bc4 28.
Rxd8 Rxd8 29. Rd1 Rxd1 30. Bxd1 Bh6 31. Qe1 Ne7 32. Nf3 Qd6 33. N1d2 c5 34.
Nxc4 bxc4 35. Be2 cxb4 36. cxb4 Nc6 37. Bxc4 f6 38. Bxa6 Nxb4 39. Bb7 Qc5 40.
a6 Nd3 41. Qd1 Qxf2+ 42. Kh1 Nf4 43. Qg1 Nxh3 44. Qxf2 Nxf2+ 45. Kg1 Be3 46.
Kf1 Ba7 47. Ne1 h4 48. Ke2 h3 49. gxh3 Nxh3 50. Nd3 Nf4+ 51. Nxf4 exf4 52. Kf3
Be3 53. Kg4 Kg7 54. Bd5 f5+ 55. exf5 gxf5+ 56. Kxf5 1/2-1/2

[Event "DRUGA LIGA CENTRALNE SRBIJE 2011 - ZAPAD"]
[Site "?"]
[Date "2011.10.13"]
[Round "6.4"]
[White "Rasic, Goran"]
[Black "Djokovic, Nebojsa"]
[Result "1-0"]
[WhiteElo "2214"]
[BlackElo "2097"]
[PlyCount "93"]
[EventDate "2011.09.11"]

1. d4 Nf6 2. c4 e6 3. g3 d5 4. Nf3 b6 5. Bg2 Bb7 6. cxd5 exd5 7. O-O Bd6 8. Nc3
a6 9. Nh4 O-O 10. Bg5 Be7 11. Nf5 c6 12. e4 dxe4 13. Nxe4 Nbd7 14. Rc1 h6 15.
Bh4 Kh8 16. Re1 Bb4 17. Bxf6 Nxf6 18. Nc3 Qd7 19. Qd3 Rfe8 20. a3 Bf8 21. Ne3
Rad8 22. Red1 b5 23. Qc2 g6 24. Ne2 Rc8 25. Rd3 Nd5 26. Nxd5 cxd5 27. Rc3 Rc4
28. Qd2 Bg7 29. b3 Rxc3 30. Rxc3 Qd6 31. b4 Qe6 32. Bf3 Qf5 33. Kg2 g5 34. g4
Qf6 35. Qc2 Bf8 36. Rc7 Re7 37. Ng3 Qf4 38. Rxe7 Bxe7 39. Ne2 Qd6 40. Nc3 Bd8
41. Qf5 Bc7 42. Qxf7 Qxh2+ 43. Kf1 Qh3+ 44. Ke2 Qh2 45. Nxd5 Bd6 46. Qxb7 Bf8
47. Be4 1-0

[Event "DRUGA LIGA CENTRALNE SRBIJE 2011 - ZAPAD"]
[Site "?"]
[Date "2011.10.13"]
[Round "6.4"]
[White "Bezarevic, Branko"]
[Black "Rajevic, Gavrilo"]
[Result "0-1"]
[WhiteElo "2176"]
[BlackElo "2273"]
[PlyCount "56"]
[EventDate "2011.09.11"]

1. e4 c5 2. Nc3 Nc6 3. f4 g6 4. Nf3 Bg7 5. Bb5 Nd4 6. O-O a6 7. Bc4 e6 8. d3
Ne7 9. a4 d5 10. Ba2 O-O 11. e5 Bd7 12. Nxd4 cxd4 13. Ne2 Nc6 14. c3 dxc3 15.
bxc3 f6 16. exf6 Qxf6 17. Rb1 b5 18. Bb3 Na5 19. Bc2 e5 20. axb5 axb5 21. fxe5
Qxe5 22. Rxf8+ Rxf8 23. Rb4 Re8 24. Kf2 Qxh2 25. Ng1 Rf8+ 26. Nf3 Bxc3 27. Bd2
Bxb4 28. Bxb4 Qh4+ 0-1

[Event "DRUGA LIGA CENTRALNE SRBIJE 2011 - ZAPAD"]
[Site "?"]
[Date "2011.10.13"]
[Round "6.4"]
[White "Savicevic, Vlatko"]
[Black "Stojanovic, Dobrisav"]
[Result "1/2-1/2"]
[WhiteElo "2324"]
[BlackElo "2334"]
[PlyCount "67"]
[EventDate "2011.09.11"]

1. e4 e5 2. Nf3 Nc6 3. Bb5 a6 4. Ba4 Nf6 5. O-O Be7 6. Re1 b5 7. Bb3 d6 8. c3
O-O 9. d4 Bg4 10. a4 Bxf3 11. gxf3 Na5 12. Ba2 Nh5 13. f4 Nxf4 14. Bxf4 exf4
15. b4 Nc4 16. Bxc4 bxc4 17. Qg4 c5 18. bxc5 dxc5 19. d5 f5 20. exf5 Bf6 21.
Qf3 Bh4 22. Nd2 Rxf5 23. d6 Qg5+ 24. Kf1 Rd8 25. Re6 Rd5 26. Nxc4 Qf5 27. Re4
Rf8 28. Rae1 h6 29. Kg2 Kh7 30. h3 Rf6 31. Kf1 Qg6 32. Ne5 Qf5 33. Nc4 Qg6 34.
Ne5 1/2-1/2

[Event "DRUGA LIGA CENTRALNE SRBIJE 2011 - ZAPAD"]
[Site "?"]
[Date "2011.10.13"]
[Round "6.2"]
[White "Zecevic, Igor"]
[Black "Gosic, Bogdan"]
[Result "1/2-1/2"]
[WhiteElo "1913"]
[BlackElo "2318"]
[PlyCount "73"]
[EventDate "2011.09.11"]

1. d4 Nf6 2. c4 e6 3. Nc3 Bb4 4. Qc2 O-O 5. a3 Bxc3+ 6. Qxc3 Ne4 7. Qc2 f5 8.
Nf3 b6 9. g3 c5 10. dxc5 bxc5 11. b4 cxb4 12. axb4 Qb6 13. Be3 Qxb4+ 14. Nd2
Nxd2 15. Qxd2 Qxd2+ 16. Kxd2 Bb7 17. f3 Rc8 18. Rxa7 Rxa7 19. Bxa7 Nc6 20. Bb6
Ra8 21. Bh3 Ra2+ 22. Ke3 Ba6 23. Rd1 Bxc4 24. Rd2 Ra6 25. Bc7 d5 26. g4 g6 27.
gxf5 gxf5 28. Kf4 Ra4 29. e4 dxe4 30. fxe4 Bd5 31. Bxf5 Ne7 32. Rg2+ Kf7 33.
Bxh7 Bxe4 34. Bxe4 Nd5+ 35. Ke5 Nxc7 36. h4 Ra5+ 37. Kf4 1/2-1/2

[Event "DRUGA LIGA CENTRALNE SRBIJE 2011 - ZAPAD"]
[Site "?"]
[Date "2011.10.13"]
[Round "6.2"]
[White "Ilic, Dragan M"]
[Black "Marinkovic, Zoran"]
[Result "1/2-1/2"]
[WhiteElo "2388"]
[BlackElo "2271"]
[PlyCount "65"]
[EventDate "2011.09.11"]

1. d4 Nf6 2. c4 e6 3. Nc3 d5 4. cxd5 exd5 5. Nf3 Be7 6. Bg5 O-O 7. e3 c6 8. Qc2
Nbd7 9. Bd3 Re8 10. O-O Nf8 11. Rae1 Ne4 12. Bxe7 Qxe7 13. Bxe4 dxe4 14. Nd2 f5
15. f3 exf3 16. Nxf3 Be6 17. e4 fxe4 18. Rxe4 Qd6 19. Re5 Bf7 20. Ne4 Qh6 21.
Qf2 Nd7 22. Rxe8+ Rxe8 23. Ne5 Nxe5 24. dxe5 Bc4 25. Nd6 Qe6 26. Nxe8 Bxf1 27.
Nd6 Ba6 28. b3 h6 29. Qf4 Qd5 30. h3 c5 31. Nf5 Kh7 32. Qg3 Qf7 33. Nd6 1/2-1/2

[Event "DRUGA LIGA CENTRALNE SRBIJE 2011 - ZAPAD"]
[Site "?"]
[Date "2011.10.13"]
[Round "6.2"]
[White "Zivkovic, Vladislav"]
[Black "Vasilic, Mihailo"]
[Result "1-0"]
[WhiteElo "2181"]
[BlackElo "2044"]
[PlyCount "136"]
[EventDate "2011.09.11"]

1. Nf3 d5 2. c4 d4 3. g3 c5 4. d3 Nc6 5. Bg2 e5 6. O-O Bd6 7. e3 Nge7 8. exd4
exd4 9. Nbd2 f5 10. Re1 O-O 11. Ng5 g6 12. Ne6 Bxe6 13. Rxe6 Qd7 14. Re1 Rae8
15. Nf3 Kg7 16. Bd2 Ng8 17. Qb3 h6 18. a3 Nf6 19. Rab1 g5 20. Qa4 Ne5 21. Qxd7+
Nexd7 22. b4 b6 23. b5 Kf7 24. a4 Rxe1+ 25. Bxe1 Re8 26. Kf1 f4 27. gxf4 Bxf4
28. h3 Kg6 29. a5 Kf5 30. axb6 axb6 31. Ra1 Re6 32. Ra7 h5 33. Nd2 Ne5 34. Ra3
Ng6 35. Ne4 Nh4 36. Bh1 g4 37. Nxf6 Kxf6 38. hxg4 hxg4 39. Bd5 Rd6 40. Ra7 Nf3
41. Rf7+ Kg5 42. Be4 Nxe1 43. Rf5+ Kh4 44. Rxf4 Nc2 45. Ke2 Kg5 46. Rf5+ Kh6
47. Rf7 Nb4 48. Kf1 Na2 49. Rc7 Kg5 50. Rc6 Rf6 51. Rc8 Nc3 52. Rg8+ Kf4 53.
Bc6 Nb1 54. Bd7 Rh6 55. Rxg4+ Ke5 56. Kg2 Nd2 57. Rg8 Rf6 58. Bc6 Nb3 59. Be4
Nd2 60. Bd5 Kf4 61. Rg7 Ke5 62. f3 Kf4 63. Kf2 Rh6 64. Rf7+ Ke5 65. Rg7 Rh2+
66. Kg1 Rh6 67. Kg2 Kf4 68. Re7 Rg6+ 1-0

[Event "DRUGA LIGA CENTRALNE SRBIJE 2011 - ZAPAD"]
[Site "?"]
[Date "2011.10.13"]
[Round "6.2"]
[White "Vuckovic, Lidija"]
[Black "Peric, Slavisa"]
[Result "0-1"]
[WhiteElo "1752"]
[BlackElo "2205"]
[PlyCount "94"]
[EventDate "2011.09.11"]

1. d4 d5 2. Nf3 Nf6 3. Bf4 e6 4. e3 Bd6 5. Bxd6 Qxd6 6. Nbd2 c5 7. c3 Nc6 8.
Bd3 O-O 9. O-O e5 10. dxe5 Nxe5 11. Nxe5 Qxe5 12. Qf3 Bg4 13. Qg3 Qxg3 14. hxg3
Rfd8 15. Nf3 Rd6 16. Rac1 Rad8 17. Ne5 Bh5 18. Rfe1 Re8 19. Nf3 Ne4 20. Be2 Bg4
21. Rcd1 Red8 22. Nd2 Be6 23. Nf3 Rb6 24. Rb1 g5 25. Red1 Rbd6 26. Kf1 h6 27.
Rbc1 Kg7 28. Nd2 f5 29. Ke1 Nf6 30. Nb3 b6 31. Nd2 g4 32. b3 Bd7 33. Nb1 Bc6
34. Kf1 h5 35. Na3 a6 36. Nc2 Ne4 37. Ne1 a5 38. Nd3 Rh8 39. Nf4 h4 40. gxh4
Rxh4 41. Ke1 Rh1+ 42. Bf1 Bb5 43. c4 dxc4 44. Rxd6 Nxd6 45. Ne6+ Kf6 46. Nc7
Bc6 47. bxc4 Bxg2 0-1

[Event "DRUGA LIGA CENTRALNE SRBIJE 2011 - ZAPAD"]
[Site "?"]
[Date "2011.10.13"]
[Round "6.1"]
[White "Markovic, Sasa"]
[Black "Dolovic, Dusko"]
[Result "0-1"]
[WhiteElo "2164"]
[BlackElo "2185"]
[PlyCount "70"]
[EventDate "2011.09.11"]

1. b3 e5 2. Bb2 Nc6 3. c4 d6 4. e3 Nge7 5. Nc3 Be6 6. Nf3 Qd7 7. Be2 Ng6 8. O-O
Be7 9. a3 O-O 10. d4 exd4 11. Nxd4 Bf6 12. Ne4 Be7 13. f4 f5 14. Ng3 Nxd4 15.
exd4 d5 16. Nh5 c6 17. Rc1 Rae8 18. Rc3 Bd6 19. Rg3 Rf7 20. Bd3 Qe7 21. c5 Bc7
22. Bc1 Kh8 23. Re1 Qd8 24. Rge3 Bd7 25. Rxe8+ Bxe8 26. Qf3 Bd7 27. Ng3 Nf8 28.
Nf1 Qf6 29. Be3 Ne6 30. Qf2 Re7 31. Nd2 Nxd4 32. g3 Ne6 33. Nf3 d4 34. Bd2 Nxc5
35. Rxe7 Qxe7 0-1

[Event "DRUGA LIGA CENTRALNE SRBIJE 2011 - ZAPAD"]
[Site "?"]
[Date "2011.10.13"]
[Round "6.1"]
[White "Milosevic, Zoran"]
[Black "Jovanovic, Miroslav O"]
[Result "1-0"]
[WhiteElo "2280"]
[BlackElo "2093"]
[PlyCount "120"]
[EventDate "2011.09.11"]

1. d4 Nf6 2. Nf3 e6 3. c4 b6 4. g3 Bb4+ 5. Bd2 Be7 6. Nc3 Bb7 7. Qc2 c5 8. dxc5
Bxc5 9. Bg2 O-O 10. O-O Qc8 11. a3 Be7 12. b4 d6 13. Qb3 Nbd7 14. Rac1 a6 15.
Rfd1 Rd8 16. Bf4 Qc7 17. Na4 Nh5 18. Be3 Rac8 19. h3 Nhf6 20. Kh2 Ba8 21. Bf4
Qb8 22. Nc3 Ne4 23. Nxe4 Bxe4 24. Qa4 Bb7 25. Ne1 g5 26. Bxb7 Qxb7 27. Bxd6 b5
28. Qb3 bxc4 29. Qe3 Nb8 30. Bxe7 Qxe7 31. Rxd8+ Qxd8 32. Nf3 h6 33. h4 gxh4
34. Nxh4 Qf6 35. Nf3 Kg7 36. Ne5 Nc6 37. Ng4 Qg5 38. Rxc4 Qxe3 39. Nxe3 Ne7 40.
Kg2 Ra8 41. Rc7 Ng6 42. f4 h5 43. Kf3 h4 44. gxh4 Nxh4+ 45. Kg4 Ng6 46. Nc4 Rd8
47. Kf3 Rd4 48. e3 Rd3 49. Ke4 Rc3 50. Kd4 Rc1 51. Ra7 Nh4 52. Ne5 Nf5+ 53. Kd3
Re1 54. Kd2 Rb1 55. Nxf7 Kf8 56. Ng5 Rb3 57. Nxe6+ Kg8 58. e4 Nd6 59. Rxa6
Nxe4+ 60. Kc2 Re3 1-0

[Event "DRUGA LIGA CENTRALNE SRBIJE 2011 - ZAPAD"]
[Site "?"]
[Date "2011.10.13"]
[Round "6.1"]
[White "Radojcic, Slobodan"]
[Black "Aleksic, Milan"]
[Result "0-1"]
[WhiteElo "2270"]
[BlackElo "2232"]
[PlyCount "92"]
[EventDate "2011.09.11"]

1. d4 Nf6 2. c4 g6 3. Nc3 Bg7 4. e4 d6 5. h3 O-O 6. Be3 e5 7. d5 Na6 8. Bd3 Nh5
9. g3 Nc5 10. Bc2 a5 11. Nf3 b6 12. Nd2 Qe8 13. Nb5 Na6 14. Nf1 f5 15. Bd2 Qf7
16. Qe2 Bd7 17. Nc3 Nc5 18. Be3 f4 19. Bxc5 fxg3 20. fxg3 bxc5 21. Bd1 Bh6 22.
Qg2 a4 23. Bg4 Nf6 24. Bxd7 Nxd7 25. Nh2 Nb6 26. Rf1 Qd7 27. Ng4 Bg5 28. Qe2 h5
29. Rxf8+ Rxf8 30. Nf2 h4 31. g4 Qf7 32. Ncd1 Qf4 33. Rb1 Qg3 34. b3 axb3 35.
Rxb3 Qg1+ 36. Qf1 Qxf1+ 37. Kxf1 Nxc4 38. Rb7 Ra8 39. Rxc7 Rxa2 40. Rc8+ Kg7
41. Rc7+ Kh6 42. Rd7 Rc2 43. Nd3 Nd2+ 44. Ke2 Nxe4+ 45. Kf3 Nf6 46. N1f2 Nxd7
0-1

[Event "DRUGA LIGA CENTRALNE SRBIJE 2011 - ZAPAD"]
[Site "?"]
[Date "2011.10.13"]
[Round "6.1"]
[White "Radovanovic, Slavko"]
[Black "Bosiljcic, Zoran"]
[Result "1-0"]
[WhiteElo "2166"]
[BlackElo "2172"]
[PlyCount "89"]
[EventDate "2011.09.11"]

1. e4 e5 2. Nf3 Nc6 3. d4 exd4 4. Nxd4 Qf6 5. Be3 Bc5 6. c3 Nge7 7. Nc2 Bb6 8.
Be2 Qg6 9. Bf3 Ne5 10. O-O Nxf3+ 11. Qxf3 O-O 12. Bxb6 Qxb6 13. Nba3 f5 14. e5
d5 15. exd6 Qxd6 16. Rad1 Qc6 17. Qxc6 Nxc6 18. Nb5 Rf7 19. Rfe1 g6 20. Ncd4
Nxd4 21. Rxd4 a6 22. Rd8+ Kg7 23. Nd4 Rf8 24. Re7+ Kf6 25. Rxf8+ Kxe7 26. Rh8
c5 27. Nb3 b6 28. Rxh7+ Kf6 29. Rh8 Bb7 30. Rxa8 Bxa8 31. Nd2 Bd5 32. c4 Bc6
33. f4 a5 34. Kf2 a4 35. a3 g5 36. g3 g4 37. Ke3 Ke6 38. Nb1 Kd6 39. Nc3 Ke6
40. Kd3 Kd6 41. Kd2 Ke6 42. Nd1 Kd6 43. Nf2 Bd7 44. Kd3 Bc6 45. Ke3 1-0

[Event "DRUGA LIGA CENTRALNE SRBIJE 2011 - ZAPAD"]
[Site "?"]
[Date "2011.10.13"]
[Round "6.6"]
[White "Mircic, Ivan"]
[Black "Musovic, Sabrija"]
[Result "1-0"]
[WhiteElo "2271"]
[BlackElo "2140"]
[PlyCount "77"]
[EventDate "2011.09.11"]

1. Nf3 c5 2. c4 Nf6 3. Nc3 e6 4. g3 b6 5. Bg2 Bb7 6. O-O Be7 7. d4 cxd4 8. Qxd4
O-O 9. Bf4 d6 10. Qd2 e5 11. Be3 Nbd7 12. Rfd1 Ne4 13. Nxe4 Bxe4 14. Ng5 Bxg2
15. Kxg2 Nf6 16. a4 Qc7 17. b3 Rfd8 18. Nf3 d5 19. cxd5 Nxd5 20. Qc1 Qb7 21. a5
Rac8 22. a6 Qa8 23. Qb1 Nxe3+ 24. fxe3 Rxd1 25. Qxd1 Rd8 26. Qc2 Qd5 27. Qc7
Qd7 28. Rc1 f6 29. Qc4+ Kf8 30. e4 b5 31. Qc3 Qd6 32. Qa5 Rb8 33. Qc7 Rb6 34.
Qc8+ Bd8 35. Rc3 Ke7 36. Qh3 h6 37. Nh4 Qb4 38. Nf5+ Kf8 39. Rd3 1-0

[Event "DRUGA LIGA CENTRALNE SRBIJE 2011 - ZAPAD"]
[Site "?"]
[Date "2011.10.13"]
[Round "6.5"]
[White "Andjelic, Stevan"]
[Black "Janjos, Slavisa"]
[Result "0-1"]
[WhiteElo "2095"]
[BlackElo "2154"]
[PlyCount "74"]
[EventDate "2011.09.11"]

1. e4 e5 2. Nf3 Nc6 3. d4 exd4 4. Nxd4 Bb4+ 5. c3 Bc5 6. Be3 Bb6 7. Nd2 Nf6 8.
Be2 O-O 9. Nxc6 bxc6 10. Bxb6 axb6 11. O-O Re8 12. Bf3 Ra5 13. Re1 Ba6 14. Re3
Rae5 15. Qa4 Bb5 16. Qc2 d5 17. Rae1 d4 18. cxd4 Qxd4 19. Rd1 Qb4 20. a3 Qe7
21. Nf1 c5 22. Ng3 g6 23. Rde1 h5 24. Nf1 Bxf1 25. Kxf1 Ng4 26. Bxg4 hxg4 27.
g3 Qf6 28. Qe2 Qe6 29. Kg2 Rd8 30. f4 gxf3+ 31. Qxf3 Rd2+ 32. R1e2 Rd4 33. g4
b5 34. h3 b4 35. Qf4 Kg7 36. Qf3 Qc6 37. h4 Qd6 0-1

[Event "DRUGA LIGA CENTRALNE SRBIJE 2011 - ZAPAD"]
[Site "?"]
[Date "2011.10.13"]
[Round "6.5"]
[White "Colovic, Dusan"]
[Black "Panic, Nenad"]
[Result "1-0"]
[WhiteElo "2346"]
[BlackElo "2350"]
[PlyCount "47"]
[EventDate "2011.09.11"]

1. e4 c5 2. Nc3 e6 3. f4 d5 4. Qe2 dxe4 5. Nxe4 Nc6 6. Nf3 Be7 7. g3 Nf6 8. d3
O-O 9. Bg2 Qc7 10. O-O Rd8 11. c3 Bd7 12. Ne5 Be8 13. Ng5 Na5 14. Bd2 h6 15.
Bh3 Qd6 16. Rae1 Nc6 17. Ngf3 Bf8 18. g4 g6 19. g5 Nd5 20. Nxc6 Bxc6 21. Ne5 h5
22. Nxf7 Kxf7 23. Bxe6+ Kg7 24. f5 1-0

[Event "DRUGA LIGA CENTRALNE SRBIJE 2011 - ZAPAD"]
[Site "?"]
[Date "2011.10.13"]
[Round "6.5"]
[White "Rihterovic, Milan"]
[Black "Gavrilovic, Leonardo"]
[Result "1-0"]
[WhiteElo "2245"]
[BlackElo "2262"]
[PlyCount "89"]
[EventDate "2011.09.11"]

1. d4 Nf6 2. c4 e6 3. Nc3 Bb4 4. e3 b6 5. Bd3 Bb7 6. Nf3 c5 7. O-O Bxc3 8. bxc3
d6 9. Nd2 Nc6 10. Nb3 O-O 11. a4 Qc7 12. Ba3 Rfd8 13. e4 Ne7 14. Nd2 e5 15. d5
Ng6 16. g3 Bc8 17. Re1 h6 18. Nf1 Bh3 19. Ne3 Qd7 20. Bc1 Re8 21. Ra2 Ng4 22.
Nf5 Nf6 23. Ne3 Ng4 24. a5 Nxe3 25. Bxe3 bxa5 26. Rxa5 Qc7 27. Ra2 Qc8 28. Qe2
Re7 29. Rea1 a6 30. Ra5 Kh7 31. Bc2 Rea7 32. Ba4 f5 33. exf5 Bxf5 34. f3 Rb8
35. Bc2 Rab7 36. Bc1 e4 37. Bxe4 Re7 38. Rxa6 Bxe4 39. fxe4 Rb1 40. Rxb1 Qxa6
41. Bf4 Rf7 42. Rf1 Rb7 43. h4 Qa3 44. Bxd6 Rb2 45. Qf3 1-0